000 00325nam a2200121Ia 4500
008 190216s9999||||xx |||||||||||||| ||und||
100 _aAssociation Of Indian University Author
245 0 _aQuestion Bank Zoology
260 _bAssociation Of Indian Universities
_c1985
300 _a412p
650 _aZoology
942 _cREF
999 _c35893
_d35893